| 000 | 00928nam a22002771a 4500 | ||
|---|---|---|---|
| 999 |
_c28665 _d28636 |
||
| 001 | 013502164 | ||
| 003 | EG-ScBUE | ||
| 005 | 20200906142457.0 | ||
| 008 | 110325s2006 nyua f 000 0 eng d | ||
| 020 | _a9780194305433 (pbk.) | ||
| 020 | _a0194305430 (pbk.) | ||
| 040 |
_aStDuBDS _beng _erda _cStDuBDS _dEG-ScBUE |
||
| 082 | 0 | 4 |
_a428.6 _bPAN _222 |
| 245 | 1 | 0 |
_aPanorama 1 : _bbuilding perspective through reading / _cKathleen F. Flynn [and four others] |
| 264 | 1 |
_aNew York, NY ; _aOxford, UK : _bOxford University Press, _c2006. |
|
| 300 |
_ax, 86 pages : _billustrations ; _c28 cm |
||
| 336 |
_atext _2rdacontent _btxt |
||
| 337 |
_aunmediated _2rdamedia _bn |
||
| 338 |
_avolume _2rdacarrier _bnc |
||
| 650 | 7 |
_aContent area reading. _2BUEsh |
|
| 653 |
_bGGEN _cAugust2020 |
||
| 655 |
_vReading book _934232 |
||
| 700 | 1 |
_aFlynn, Kathleen F., _eauthor. |
|
| 942 |
_2ddc _cBB |
||